000 00486nam a22001697a 4500
003 NUST - PNEC
005 20170116180831.0
008 150731b xxu||||| |||| 00| 0 eng d
020 _a0340719273
040 _cLIBRARY519.5 ROB
082 _a519.5ROB
100 _94616
_aRobertson, Chris,
245 _a: Business statistics : a multimedia guide to concepts and applications
_cChris Robertson,
260 _cc2002.
650 _94617
_aCommercial statistics
_xME
942 _2ddc
_cBK
999 _c64017
_d64017